La imposición del apellido paterno en los casos de reconocimiento tardío del padre o en los casos de determinación judicial de la filiación paterna / (Registro nro. 5837)
[ vista simple ]
| 000 -LEADER | |
|---|---|
| fixed length control field | 00971nab a22002177a 4500 |
| 003 - CONTROL NUMBER IDENTIFIER | |
| control field | OSt |
| 005 - DATE AND TIME OF LATEST TRANSACTION | |
| control field | 20260108011200.0 |
| 008 - FIXED-LENGTH DATA ELEMENTS--GENERAL INFORMATION | |
| fixed length control field | 190514b xxu||||| |||| 00| 0 spa d |
| 040 ## - CATALOGING SOURCE | |
| Transcribing agency | PJ |
| 100 ## - MAIN ENTRY--PERSONAL NAME | |
| 9 (RLIN) | 6734 |
| Personal name | Guisado, Paola M. |
| 245 13 - TITLE STATEMENT | |
| Title | La imposición del apellido paterno en los casos de reconocimiento tardío del padre o en los casos de determinación judicial de la<br/>filiación paterna / |
| Statement of responsibility, etc | Paola M. Guisado, Melisa L. Mirkin. |
| 300 ## - PHYSICAL DESCRIPTION | |
| Extent | p. 35-44 |
| 505 ## - FORMATTED CONTENTS NOTE | |
| Formatted contents note | Sumario: I. Introducción.— II. El apellido y la filiación. Breve repaso a través de la historia legislativa.— III. Conclusiones |
| 505 ## - FORMATTED CONTENTS NOTE | |
| Title | Si te interesa el texto, comunicate a koha@justierradelfuego.gov.ar |
| 650 #0 - SUBJECT ADDED ENTRY--TOPICAL TERM | |
| 9 (RLIN) | 967 |
| Topical term or geographic name as entry element | DERECHO DE FAMILIA |
| 650 #0 - SUBJECT ADDED ENTRY--TOPICAL TERM | |
| 9 (RLIN) | 1004 |
| Topical term or geographic name as entry element | FILIACION |
| 650 #0 - SUBJECT ADDED ENTRY--TOPICAL TERM | |
| 9 (RLIN) | 2540 |
| Topical term or geographic name as entry element | APELLIDO |
| 700 ## - ADDED ENTRY--PERSONAL NAME | |
| 9 (RLIN) | 6735 |
| Personal name | Mirkin, Melisa L. |
| Función | coautor |
| 773 0# - HOST ITEM ENTRY | |
| Host Biblionumber | 2844 |
| Host Itemnumber | 3222 |
| Place, publisher, and date of publication | Buenos Aires : AbeledoPerrot, 1989- |
| Title | Derecho de familia. N° 119 - Mayo 2025 |
| International Standard Book Number | 18511201 |
| 942 ## - ADDED ENTRY ELEMENTS (KOHA) | |
| Source of classification or shelving scheme | |
| Koha item type | Analítica Artículo de Revista |
No hay ítems disponibles.
